| 000 | 00876nas a2200289 4500 | ||
|---|---|---|---|
| 001 | BR0505466 | ||
| 003 | BR-BrBNA | ||
| 005 | 20231205105727.0 | ||
| 007 | ta | ||
| 008 | 230509b bl.|||p| |||| 00| 00por d | ||
| 040 |
_aBR-BrBNA _bpor _cBiblioteca Nacional de Agricultura |
||
| 041 | _a(Pt) | ||
| 072 | _aN20; F01 | ||
| 100 | 1 | _aModolo, A.J. | |
| 100 | 1 | _aSilva, S. de L. | |
| 100 | 1 | _aSilveira, J.C.M. da | |
| 100 | 1 | _aMercante, E. | |
| 245 | 1 | _aAvaliação do desempenho de duas semeadoras-adubadoras de precisão em diferentes velocidades | |
| 650 | _aMILHO | ||
| 650 | _aEQUIPAMENTO AGRÍCOLA | ||
| 650 | _aSEMEADEIRA | ||
| 650 | _aADUBADEIRA | ||
| 650 | _aPERFORMANCE | ||
| 773 | 0 |
_tEngenharia na Agricultura (Brazil) _xISSN 1414-3984 _g(Oct-Dec 2004), v. 12(4) p. 298-306 _wBR0505466 |
|
| 909 |
_a202311 _bLúcia _c55 _dLúcia Elande |
||
| 942 |
_2AGRIS _n0 _cANA |
||
| 999 |
_c184373 _d184373 |
||